|
|
|
|
| LEADER |
00000nab a2200000 a 4500 |
| 001 |
vtls000468415 |
| 003 |
SK-MaSNL |
| 005 |
20260304173211.0 |
| 008 |
120926c1992 xo 0 slo |
| 015 |
|
|
|a SNBRB19rr/mm-uuuuu
|
| 035 |
|
|
|a CL0468548
|
| 040 |
|
|
|a SNKBUCL
|b slo
|c SNKBUCL
|e AACR2
|
| 041 |
0 |
|
|a slo
|
| 044 |
|
|
|a xo
|c SK
|
| 080 |
|
|
|a 374.7(485):65.012.6:061.66
|2 1981
|
| 080 |
|
|
|a 65.012.6
|2 1981
|
| 080 |
|
|
|a 061.66
|2 1981
|
| 100 |
1 |
|
|a Strömberg, Lennart
|4 aut
|9 1503410
|
| 245 |
1 |
0 |
|a Ako chutí manažérsky koláč
|b S prezidentom Scandinavian management center
|c Lennart Strömberg, Kveta Škvarková
|
| 300 |
|
|
|b Fot. 1.
|
| 650 |
0 |
7 |
|a manažéri
|2 snkbucl
|9 1758
|
| 650 |
0 |
7 |
|a výchova manažérov
|2 snkbucl
|9 1340746
|
| 650 |
0 |
7 |
|a Scandinavian management center, Stockholm
|2 snkbucl
|9 1503411
|
| 655 |
|
7 |
|a články z novín a časopisov
|2 snkbucl
|9 267496
|
| 700 |
1 |
|
|a Škvarková, Kveta,
|d 1940-
|4 aut
|9 248654
|
| 773 |
0 |
|
|t Slobodný piatok
|g Roč. 3, č. 40 (1992), s. /8/
|
| 850 |
|
|
|a Slovenská národná knižnica v Martine
|a MTA001
|
| 852 |
|
|
|a SNK
|b KIS3GCP
|
| 958 |
|
|
|a RK
|
| 992 |
|
|
|a RBX
|
| 999 |
|
|
|c 3002021
|d 3003951
|